<?xml version="1.0" encoding="UTF-8"?>
<marc:record xmlns:marc="http://www.loc.gov/MARC21/slim">
   <marc:leader>00000nam a2200000 a 4500</marc:leader>
   <marc:datafield ind1="1" ind2=" " tag="100">
      <marc:subfield code="a">Döpfner, Manfred</marc:subfield>
      <marc:subfield code="4">aut</marc:subfield>
      <marc:subfield code="e">Verfasser/-in</marc:subfield>
   </marc:datafield>
   <marc:datafield ind1="1" ind2=" " tag="100">
      <marc:subfield code="a">Lehmkuhl, Gerd</marc:subfield>
      <marc:subfield code="4">aut</marc:subfield>
      <marc:subfield code="e">Verfasser/-in</marc:subfield>
   </marc:datafield>
   <marc:datafield ind1="1" ind2=" " tag="100">
      <marc:subfield code="a">Steinhausen, Hans-Christoph</marc:subfield>
      <marc:subfield code="4">aut</marc:subfield>
      <marc:subfield code="e">Verfasser/-in</marc:subfield>
   </marc:datafield>
   <marc:datafield ind1=" " ind2=" " tag="653">
      <marc:subfield code="a">Aufmerksamkeitsdefizit-Syndrom</marc:subfield>
   </marc:datafield>
   <marc:datafield ind1=" " ind2=" " tag="653">
      <marc:subfield code="a">Psychologische Diagnostik</marc:subfield>
   </marc:datafield>
   <marc:datafield ind1=" " ind2=" " tag="653">
      <marc:subfield code="a">Fragebogen</marc:subfield>
   </marc:datafield>
   <marc:datafield ind1=" " ind2=" " tag="653">
      <marc:subfield code="a">Softcover</marc:subfield>
   </marc:datafield>
   <marc:datafield ind1=" " ind2=" " tag="653">
      <marc:subfield code="a">Karte</marc:subfield>
   </marc:datafield>
   <marc:datafield ind1="0" ind2="0" tag="245">
      <marc:subfield code="a">Aufmerksamkeitsdefizit- und Hyperaktivitätsstörung (ADHS)</marc:subfield>
   </marc:datafield>
   <marc:datafield ind1="0" ind2="0" tag="245">
      <marc:subfield code="c">von Manfred Döpfner ; Gerd Lehmkuhl ; Hans-Christoph Steinhausen</marc:subfield>
   </marc:datafield>
   <marc:datafield ind1=" " ind2="1" tag="264">
      <marc:subfield code="a">Göttingen</marc:subfield>
      <marc:subfield code="b">Hogrefe</marc:subfield>
      <marc:subfield code="c">2006</marc:subfield>
   </marc:datafield>
   <marc:datafield ind1="1" ind2=" " tag="490">
      <marc:subfield code="a">Kinder-Diagnostik-System</marc:subfield>
      <marc:subfield code="v">Bd. 1</marc:subfield>
   </marc:datafield>
   <marc:datafield ind1="1" ind2=" " tag="520">
      <marc:subfield code="a">Angaben aus der Verlagsmeldung

KIDS 1 - Aufmerksamkeitsdefizit- und Hyperaktivitätsstörung (ADHS) / von Manfred Döpfner, Gerd Lehmkuhl, Hans Ch Steinhausen

Das Kinder-Diagnostik-System verknüpft Verfahren zur Diagnostik und Verfahren zur Evaluation der Therapie psychischer Störungen im Kindes- und Jugendalter und bietet dem Anwender mit jedem Band vielfältige Möglichkeiten zur Erfassung und Differenzierung der jeweiligen Störung. Jeder Band enthält diagnosengenerierende Verfahren, störungsspezifische Verfahren, Explorationsschemata und spezifische Beurteilungssysteme.

Zielsetzung, Aufbau, Anwendung, Gütekriterien und Normen bzw. Grenzwerte werden ausführlich beschrieben. Kopiervorlagen oder Hinweise auf die Bezugsquellen ermöglichen einen schnellen Zugriff auf die Instrumente.

KIDS 1 beinhaltet: 1. Verfahren zur Eingangsdiagnostik (z.B. Screening-Bogen für Aufmerksamkeitsdefizit-/Hyperaktivitätsstörungen (ADHS-Bogen), Explorationsschema für Hyperkinetische und Oppositionelle Verhaltensstörungen (ES-HOV), Diagnose-Checkliste für Aufmerksamkeitsdefizit-/Hyperaktivitätsstörungen (DCL-ADHS)).
2. Verfahren für Spezifische Altersgruppen (z.B. Fremdbeurteilungsbogen für Vorschulkinder mit Aufmerksamkeitsdefizit-/Hyperaktivitätsstörungen (FBB-ADHS-V), Fragebogen zur Erfassung von ADHS im Erwachsenenalter (FEA)).
3. Verfahren zur differenzierenden Diagnostik für Beratung und Verhaltenstherapie (z.B. Elterninterview über Problemsituationen in der Familie (EI-PF), Elternfragebogen über Problemsituationen in der Familie (EF-PF), Fragebogen über Verhaltensprobleme bei den Hausaufgaben (FVH)).
4. Verfahren zur differenzierenden Diagnostik für die medikamentöse Therapie und zur Titration (z.B. Checkliste zur medikamentösen Therapie von Aufmerksamkeitsdefizit-/Hyperaktivitätsstörungen (CM-ADHS), Fragebogen über mögliche Nebenwirkungen von Stimulanzien (NW-ADHS), Beurteilungsbogen zur Austestung medikamentöser Therapie bei ADHS (BM-ADHS)).
5. Verfahren zur individuellen Verlaufskontrolle (z.B. ADHS – Klinische Gesamteinschätzung (ADHS-KGE)).
</marc:subfield>
   </marc:datafield>
   <marc:datafield ind1=" " ind2=" " tag="020">
      <marc:subfield code="a">9783801719685</marc:subfield>
      <marc:subfield code="9">9783801719685</marc:subfield>
   </marc:datafield>
   <marc:datafield ind1=" " ind2=" " tag="020">
      <marc:subfield code="a">3801719685</marc:subfield>
      <marc:subfield code="9">3801719685</marc:subfield>
   </marc:datafield>
   <marc:datafield ind1=" " ind2=" " tag="041">
      <marc:subfield code="a">ger</marc:subfield>
   </marc:datafield>
   <marc:datafield ind1=" " ind2=" " tag="300">
      <marc:subfield code="a">178 S.</marc:subfield>
   </marc:datafield>
</marc:record>
